000 00523nam a2200181Ia 4500
008 131103s9999 xx 000 0 und d
020 _aRs.42
040 _aLoreto College
041 _aEnglish
082 _a891.2/BYR
_bLCLIB/22855
100 _aByrski,M.Christopher
245 _aConcept of ancient Indian Theatre
_cM.Christopher Byrski
260 _aDelhi
_bMunshiram Munoharlal
_c1974
300 _axvi,207 p.
_c 22 cm.
504 _aIncludes bibliographical References and index
850 _aLCLIB
942 _cBK
999 _c13525
_d64004